Matonkiki y sus hermanas / (Registro nro. 9759)

Detalles MARC
000 -LIDER
fixed length control field 00825nam a2200313 4500
001 - NÚMERO DE CONTROL
Identificador de número de control 0881978
003 - IDENTIFICACDOR DE NÚMERO DE CONTROL
control field DO-SdBNP
005 - DATE AND TIME OF LATEST TRANSACTION
control field 20180222153102.0
007 - CAMPOS FIJOS DE DESCRIPCIÓN FÍSICA
fixed length control field 0881978
008 - ELEMENTOS DE LONGITUD FIJA
fixed length control field 900725s1982 sp spa
016 7# - NO. DE CONTROL DE LA AGENCIA BIB. NACIONAL
Record control number
Source BPMSU
017 ## - NÚMERO DE REGISTRO DE DERECHOS DE AUTOR
Copyright or legal deposit number
Assigning agency
020 ## - ISBN
International Standard Book Number 8403461062
Terms of availability
035 ## - NÚMERO LOCAL
System control number
035 ## - NÚMERO LOCAL
System control number
040 ## - FUENTE DE CATALOGACIÓN
Agencia que crea de manera original el registro BPMSU
Idioma de catalogación spa
Agencia que realiza la transcripción BPMSU
080 #0 - NÚMERO DE CLASIFICACIÓN DECIMAL UNIVERSAL
Universal Decimal Classification number
100 1# - ASIENTO PRINCIPAL -- NOMBRE PERSONAL
Nombre personal Fortún, Elena
Fechas asociadas con el nombre 1886-1952
245 10 - MENCIÓN DE TITULO
Título Matonkiki y sus hermanas /
Medio (Designación general de material)
Mención de responsabilidad Elena Fortún ; ilustraciones de Fuente
250 ## - MENCIÓN DE EDICION
Mención de edición 10ª ed.
260 ## - PUBLICACIÓN, DISTRIBUCIÓN, ETC. (PIE DE IMPRENTA)
Lugar de publicación, distribución, etc Madrid
Nombre del editor, distribuidor, etc. Aguilar
Fecha de publicación, distribución, etc 1981
300 ## - DESCRIPCIÓN FÍSICA
Extensión 202 p. :
Otros detalles físicos il. ;
Dimensiones 18 cm
490 0# - MENCIÓN DE SERIES
Mención de serie Colección Celia y su mundo
Volume/sequential designation 2
700 1# - ASIENTO SECUNDARIO -- NOMBRE PERSONAL
Nombre personal Fuente, R.
Mención de responsabilidad il.
830 ## - ASIENTO SECUNDARIO DE SERIE--TÍTULO UNIFORME
Título uniforme Celia y su mundo
Volume number/sequential designation 2
942 ## - ADDED ENTRY ELEMENTS (KOHA)
Source of classification or shelving scheme Dewey Decimal Classification
Koha item type Libros
945 ## - INFORMACIÓN DE PROCESAMIENTO LOCAL
Información de procesamiento local Inventariado, 2018 / BT
956 ## - LOCAL ELECTRONIC LOCATION AND ACCESS (OCLC)
Nombre de host VMATEO
Método de acceso 10
Materiales especificados 20160469
Enlace BPMSU
Campo enlazado y núm. de secuencia 0069
Existencias
Withdrawn status Lost status Source of classification or shelving scheme Damaged status Not for loan Collection code Home library Current library Date acquired Source of acquisition Total Checkouts Barcode Date last seen Price effective from Koha item type
    Dewey Decimal Classification     Colección Infantil General Biblioteca Pública Metropolitana Salomé Ureña Biblioteca Pública Metropolitana Salomé Ureña 04/13/2016 FUNDI   BPMSU16040419 04/13/2016 04/13/2016 Libros